000 00392nam a2200145Ia 4500
008 100122s9999 xx 000 0 und d
082 _b40863
_a823
100 _aराजे शैलजा
245 _aइभ्रत
260 _bदीप ज्योती प्रकाशन
_c1905
300 _a163
630 _aइभ्रत
730 _aइभ्रत
942 _cBOOK
999 _c421663
_d421660